|
|
|
|
| LEADER |
00000nam0a2200000 4500 |
| 001 |
356143 |
| 005 |
20231102010851.0 |
| 035 |
|
|
|a (RuTPU)RU\TPU\retro\13403
|
| 090 |
|
|
|a 356143
|
| 100 |
|
|
|a 20200716d1973 km y0rusy50 ca
|
| 101 |
0 |
|
|a rus
|
| 102 |
|
|
|a RU
|
| 105 |
|
|
|a a z 001zy
|
| 200 |
1 |
|
|a Пневматические фрикционные муфты в нефтяной промышленности
|f А. А. Антонов
|
| 210 |
|
|
|a Москва
|c Недра
|d 1973
|
| 215 |
|
|
|a 160 с.
|c ил.
|
| 320 |
|
|
|a Библиогр.: с. 158
|
| 606 |
1 |
|
|a Муфты фрикционные пневматические
|x Горное дело
|2 stltpush
|3 (RuTPU)RU\TPU\subj\44618
|9 63928
|
| 606 |
1 |
|
|a Нефтяное оборудование
|x Детали
|x Упрочнение поверхностное
|2 stltpush
|3 (RuTPU)RU\TPU\subj\45933
|9 65122
|
| 610 |
1 |
|
|a классификация
|
| 610 |
1 |
|
|a схемы
|
| 610 |
1 |
|
|a крутящие моменты
|
| 610 |
1 |
|
|a расчеты
|
| 610 |
1 |
|
|a параметры
|
| 610 |
1 |
|
|a дисковые устройства
|
| 610 |
1 |
|
|a цилиндрические фрикционные устройства
|
| 610 |
1 |
|
|a пневматическое управление
|
| 675 |
|
|
|a 622.24.054
|v 4
|
| 675 |
|
|
|a 622.276.05
|v 4
|
| 700 |
|
1 |
|a Антонов
|b А. А.
|g Арсений Александрович
|
| 801 |
|
1 |
|a RU
|b 63413507
|c 20200716
|
| 801 |
|
2 |
|a RU
|b 63413507
|c 20210316
|g RCR
|
| 942 |
|
|
|c BK
|